Name a Clash Royale Card A-Z - Statistics

General Stats
  • This quiz has been taken 130 times
  • The average score is 16 of 21
Answer Stats
Letter Answer # % Correct
B Baby Dragon | Balloon | Bandit | Barbarian Barrel | Barbarian Hut | Barbarians | Bats | Battle Healer | Battle Ram | Berserker | Bomb Tower | Bomber | Boss Bandit | Bowler 14
100%
A Archer Queen | Archers | Arrows 3
95%
G Giant | Giant Skeleton | Giant Snowball | Goblin Barrel | Goblin Brawler | Goblin Cage | Goblin Curse | Goblin Demolisher | Goblin Drill | Goblin Gang | Goblin Giant | Goblin Hut | Goblin Machine | Goblins | Goblinstein | Golden Knight | Golem | Graveyard | Guards 19
89%
M Magic Archer | Mega Knight | Mega Minion | Mighty Miner | Miner | Mini P.E.K.K.A. | Minion Horde | Minions | Monk | Mortar | Mother Witch | Musketeer 12
89%
E Earthquake | Electro Dragon | Electro Giant | Electro Spirit | Electro Wizard | Elite Barbarians | Elixir Collector | Elixir Golem | Executioner 9
85%
I Ice Golem | Ice Spirit | Ice Wizard | Inferno Dragon | Inferno Tower 5
85%
F Fire Spirit | Fireball | Firecracker | Fisherman | Flying Machine | Freeze | Furnace 7
82%
D Dagger Duchess | Dark Prince | Dart Goblin 3
81%
H Heal Spirit | Hog Rider | Hunter 3
81%
P P.E.K.K.A. | Phoenix | Poison | Prince | Princess 5
79%
R Rage | Ram Rider | Rascals | Rocket | Royal Chef | Royal Delivery | Royal Ghost | Royal Giant | Royal Hogs | Royal Recruits | Rune Giant 11
76%
C Cannon | Cannon Cart | Cannoneer 3
73%
L Lava Hound | Lightning | Little Prince | Lumberjack 4
73%
T Tesla | The Log | Three Musketeers | Tombstone | Tornado | Tower Princess 6
73%
Z Zap | Zappies 2
73%
V Valkyrie | Vines | Void 3
71%
S Skeleton Army | Skeleton Barrel | Skeleton Dragons | Skeleton King | Skeletons | Sparky | Spear Goblins | Spirit Empress | Suspicious Bush 9
68%
W Wall Breakers | Witch | Wizard 3
68%
X X-Bow 1
68%
N Night Witch 1
58%
K Knight 1
56%
No matching quizzes found
Score Distribution
Percent of People with Each Score
Percentile by Number Answered
Your Score History
You have not taken this quiz